Statistiques concernant Noms de famille les plus portés en France - Extrême

Cliquez ici pour prendre le quiz!

Statistiques générales

  • Ce quiz a été pris 14 987 fois
  • Le résultat moyen est 35 sur 500

Statistiques - réponses

#Noms% Correct
250 013MARTIN
67%
69 221DUPONT
63%
33 993JEAN
50%
36 669PIERRE
40%
32 513LOUIS
34%
115 217PETIT
34%
18 755PAUL
33%
93 493MICHEL
32%
108 619DUBOIS
31%
108 374DURAND
31%
131 330BERNARD
30%
59 714FRANCOIS
30%
12 215MARC
29%
48 635MARIE
29%
17 270MARY
29%
118 331THOMAS
29%
19 936JACQUES
27%
17 365BLIN
24%
112 998ROBERT
24%
59 162LEGRAND
23%
97 015LAURENT
22%
13 022GRAND
21%
26 713LE ROUX
21%
12 224LE ROY
21%
109 354RICHARD
21%
53 949HENRY
20%
36 722PHILIPPE
20%
96 397SIMON
20%
61 743BLANC
19%
29 664CHARLES
19%
76 085DAVID
19%
72 683BERTRAND
18%
43 649GERARD
18%
87 282LEROY
18%
45 695BRUN
17%
20 998GROS
17%
25 423LEBLANC
17%
53 537NICOLAS
17%
66 396VINCENT
17%
62 715ANDRE
16%
22 553ANTOINE
16%
27 182JULIEN
16%
64 107LEFEVRE
16%
53 090MATHIEU
16%
75 365ROUX
16%
24 602BOULANGER
15%
32 749DUPUIS
15%
41 589LEROUX
15%
45 444LUCAS
15%
102 804MOREAU
15%
37 366OLIVIER
15%
21 051OLLIVIER
15%
12 214CLAUDE
14%
55 223CLEMENT
14%
49 289DENIS
14%
31 482DESCHAMPS
14%
35 952LECLERC
14%
91 459LEFEBVRE
14%
18 027LENOIR
14%
30 053PARIS
14%
35 997BENOIT
13%
30 532BOUCHER
13%
59 902CHEVALIER
13%
23 548CHEVALLIER
13%
48 757DUMONT
13%
20 771GEORGES
13%
13 648GUY
13%
25 189LEBRUN
13%
20 802LEGROS
13%
26 571DANIEL
12%
70 000FONTAINE
12%
61 938GARCIA
12%
34 946GUILLAUME
12%
36 571LOPEZ
12%
50 838MARCHAND
12%
32 232MOULIN
12%
40 599ROGER
12%
68 010ROUSSEAU
12%
13 899THIERRY
12%
17 132ALLAIN
11%
43 537ARNAUD
11%
23 970ETIENNE
11%
71 996FOURNIER
11%
70 039GIRARD
11%
69 252LAMBERT
11%
17 390MARIN
11%
17 125MAURICE
11%
72 745MOREL
11%
64 309MULLER
11%
19 600PASCAL
11%
35 603REY
11%
41 749ROY
11%
20 386ALBERT
10%
21 178ALEXANDRE
10%
28 730DA SILVA
10%
20 053DIDIER
10%
11 744DUJARDIN
10%
51 131DUVAL
10%
62 937FAURE
10%
57 731GAUTHIER
10%
16 721GILLES
10%
33 532HUBERT
10%
27 857LE GALL
10%
48 873LEMAIRE
10%
11 800LEON
10%
47 023MARTINEZ
10%
54 669MORIN
10%
48 601NOEL
10%
38 063RENAUD
10%
55 816ROBIN
10%
42 580ROCHE
10%
33 162BERGER
9%
68 481BONNET
9%
23 446COLLIN
9%
47 439DUFOUR
9%
30 435FERNANDEZ
9%
61 499GARNIER
9%
28 439HERVE
9%
12 379JEANNE
9%
11 803JOLLY
9%
62 601MERCIER
9%
47 200MEUNIER
9%
42 672RENARD
9%
29 269RENAULT
9%
45 694RIVIERE
9%
35 260SANCHEZ
9%
13 576STEPHAN
9%
26 055BRETON
8%
29 318CARRE
8%
29 185CHARPENTIER
8%
41 318COLIN
8%
37 562DUMAS
8%
53 164GAUTIER
8%
21 442GILBERT
8%
45 336JOLY
8%
15 375JOSEPH
8%
13 188LEBLOND
8%
21 731LEJEUNE
8%
39 158LEMOINE
8%
14 644LEVY
8%
56 419PERRIN
8%
26 021RODRIGUEZ
8%
34 991ROLLAND
8%
11 941ROSE
8%
53 520ROUSSEL
8%
30 156ADAM
7%
25 242BARRE
7%
36 647BOURGEOIS
7%
17 041DUPRE
7%
33 468DUPUY
7%
12 525FERRE
7%
26 343GERMAIN
7%
62 183GUERIN
7%
16 300HERNANDEZ
7%
37 290LACROIX
7%
21 076LAPORTE
7%
19 389LEBON
7%
35 165LECOMTE
7%
19 608LEDUC
7%
23 418LEMAITRE
7%
23 061MARECHAL
7%
52 584MASSON
7%
47 492MEYER
7%
33 087PEREZ
7%
41 000PICARD
7%
29 757POIRIER
7%
25 844REMY
7%
17 728THIBAULT
7%
17 557VALENTIN
7%
39 336AUBERT
6%
29 659AUBRY
6%
44 176BARBIER
6%
29 038BARON
6%
46 004BLANCHARD
6%
61 922BOYER
6%
33 267CARPENTIER
6%
17 765CLERC
6%
27 784COLLET
6%
26 515COUSIN
6%
11 524DUMOULIN
6%
39 997FABRE
6%
23 032GAY
6%
45 026GIRAUD
6%
18 939GOMEZ
6%
13 474GRAS
6%
19 178GREGOIRE
6%
29 997JACQUET
6%
21 483LAMY
6%
19 197LEBRETON
6%
17 016LEFORT
6%
12 788MAIRE
6%
29 208MENARD
6%
11 479NGUYEN
6%
16 145NORMAND
6%
25 082PERRIER
6%
12 897POISSON
6%
23 983POULAIN
6%
18 511RAYMOND
6%
17 288ROSSI
6%
42 249SCHMITT
6%
41 003VIDAL
6%
29 118BERTIN
5%
25 717BESSON
5%
27 490BOUVIER
5%
44 638BRUNET
5%
20 232CAMUS
5%
21 636CARLIER
5%
41 553CARON
5%
23 349CHAUVIN
5%
17 661DOS SANTOS
5%
18 252FERRAND
5%
30 347FLEURY
5%
44 341GAILLARD
5%
23 930GILLET
5%
22 554GONZALEZ
5%
33 243GUILLOT
5%
29 550GUYOT
5%
31 363HUET
5%
24 433JACOB
5%
29 805KLEIN
5%
14 478LAFON
5%
25 998LANGLOIS
5%
13 950LECOQ
5%
14 312LE CORRE
5%
27 715LEGER
5%
25 569LE GOFF
5%
25 621LEVEQUE
5%
11 514LOPES
5%
29 190MAILLARD
5%
24 935MARCHAL
5%
17 172MARION
5%
29 153MARTY
5%
26 788MILLET
5%
24 398MONNIER
5%
21 537PASQUIER
5%
37 410PAYET
5%
25 569PELLETIER
5%
22 282PERRET
5%
26 530PERROT
5%
21 608PICHON
5%
15 500POTTIER
5%
27 099PREVOST
5%
15 867ROCHER
5%
28 400SCHNEIDER
5%
31 409VASSEUR
5%
28 461BAILLY
4%
19 808BARBE
4%
21 693BARTHELEMY
4%
23 110BOUCHET
4%
12 904BOULET
4%
17 028BOURDON
4%
21 228BRIAND
4%
21 005BUISSON
4%
11 649CARTIER
4%
13 657CASTEL
4%
14 718CHRETIEN
4%
12 989COMTE
4%
21 856CORDIER
4%
11 864COSTA
4%
11 909DA COSTA
4%
21 691DELAUNAY
4%
14 465FAVRE
4%
17 316FERNANDES
4%
11 827GRANGE
4%
24 145GUICHARD
4%
24 506HAMON
4%
17 719HOAREAU
4%
22 598HUMBERT
4%
15 940LABBE
4%
11 995LACOUR
4%
12 086LALLEMAND
4%
16 549LAROCHE
4%
12 237LAVAL
4%
35 282LECLERCQ
4%
15 870LECONTE
4%
16 890LEGENDRE
4%
11 604LE GUEN
4%
19 375LELIEVRE
4%
11 801LELONG
4%
12 625LEONARD
4%
20 311LESAGE
4%
16 610LOISEAU
4%
24 524MALLET
4%
19 051MASSE
4%
15 643MERLE
4%
12 377MERLIN
4%
24 146MICHAUD
4%
12 245MOUTON
4%
21 402PEREIRA
4%
14 745PETITJEAN
4%
19 022PINEAU
4%
12 789POMMIER
4%
15 433POTIER
4%
19 527RAYNAUD
4%
22 281REYNAUD
4%
12 727RICARD
4%
17 767RODRIGUES
4%
30 117ROYER
4%
19 686SAUVAGE
4%
11 491SCHMIDT
4%
18 838TANGUY
4%
23 702TESSIER
4%
15 482VALLET
4%
20 121VOISIN
4%
24 758WEBER
4%
18 101ALLARD
3%
13 092BELLANGER
3%
23 390BENARD
3%
14 369BERNIER
3%
17 941BERTHELOT
3%
13 121BERTHIER
3%
20 798BESNARD
3%
19 988BLANCHET
3%
18 189BLONDEL
3%
18 135BODIN
3%
17 830BONNEAU
3%
15 841BONNIN
3%
13 685BOULAY
3%
11 432BOURDIN
3%
15 325BOUTIN
3%
17 531BRUNEAU
3%
18 354BRUNEL
3%
11 582CHAMPION
3%
14 254CHARBONNIER
3%
19 721CHARRIER
3%
16 727CHARTIER
3%
17 923CHAUVET
3%
18 774COLAS
3%
12 112CONSTANT
3%
13 899CORNU
3%
19 730COSTE
3%
20 486COULON
3%
18 255COURTOIS
3%
17 560COUTURIER
3%
14 454CROS
3%
15 406DELAHAYE
3%
20 719DELATTRE
3%
18 924DELMAS
3%
17 993DELORME
3%
15 708DESCAMPS
3%
18 309DEVAUX
3%
12 408DUBREUIL
3%
16 785DUHAMEL
3%
14 719FAIVRE
3%
20 019FERREIRA
3%
12 887FORESTIER
3%
12 496FORTIN
3%
14 425GALLET
3%
18 883GAUDIN
3%
13 490GERVAIS
3%
17 640GODARD
3%
16 448GONCALVES
3%
13 096GRANDJEAN
3%
15 839GRENIER
3%
25 104GRONDIN
3%
19 630GUILLET
3%
18 451GUILLON
3%
20 754GUILLOU
3%
13 461HAMEL
3%
18 367HARDY
3%
20 391HEBERT
3%
23 868HOARAU
3%
18 365IMBERT
3%
19 122JOUBERT
3%
13 990JOURDAIN
3%
17 365JOURDAN
3%
13 552LABORDE
3%
17 678LACOMBE
3%
16 501LACOSTE
3%
17 571LAGARDE
3%
18 025LAINE
3%
20 325LAUNAY
3%
12 066LAVIGNE
3%
11 449LE BIHAN
3%
12 702LEDOUX
3%
15 063LEMONNIER
3%
11 874LEPAGE
3%
13 309LETELLIER
3%
12 196LEVASSEUR
3%
14 594MACE
3%
16 117MAILLET
3%
21 300MAILLOT
3%
19 839MARTEL
3%
15 284MARTINEAU
3%
13 004MARTINET
3%
14 172MARTINS
3%
13 598MAUREL
3%
14 722MAURIN
3%
11 398MILLOT
3%
15 086NEVEU
3%
11 741PAPIN
3%
15 449PARENT
3%
13 805PARMENTIER
3%
15 157PERON
3%
20 068PONS
3%
13 313PREVOT
3%
11 924PROVOST
3%
17 739RIOU
3%
14 108ROSSIGNOL
3%
14 905RUIZ
3%
13 279SABATIER
3%
14 347SERRE
3%
11 970TELLIER
3%
17 239TEXIER
3%
11 687TOURNIER
3%
16 445TOUSSAINT
3%
17 473TURPIN
3%
17 640VAILLANT
3%
19 985VALLEE
3%
19 524VERDIER
3%
14 961VIAL
3%
13 746ANDRIEU
2%
15 633AUGER
2%
11 902BASSET
2%
11 719BATAILLE
2%
17 206BAUDRY
2%
12 334BAUER
2%
15 913BAZIN
2%
14 527BECKER
2%
14 274BEGUE
2%
13 065BENOIST
2%
13 195BESSE
2%
19 813BIGOT
2%
12 966BILLARD
2%
12 872BLONDEAU
2%
15 037BLOT
2%
13 286BONHOMME
2%
11 825BOUQUET
2%
19 674BOUSQUET
2%
14 447BOUVET
2%
12 324BRAULT
2%
12 446BROSSARD
2%
11 638CADET
2%
13 320CHAMBON
2%
13 452CHAPUIS
2%
12 137CHATELAIN
2%
15 254CHAUVEAU
2%
12 450COMBES
2%
14 828DELAGE
2%
14 201DELANNOY
2%
13 368DOUCET
2%
12 893DROUET
2%
13 513DUCLOS
2%
17 272EVRARD
2%
13 027FAVIER
2%
16 226FISCHER
2%
11 602FLAMENT
2%
14 512FOUCHER
2%
14 617FOUQUET
2%
12 793GEOFFROY
2%
11 856GIBERT
2%
13 793GIRAULT
2%
13 304GOSSELIN
2%
12 306GRANGER
2%
12 645GUEGUEN
2%
16 006GUIBERT
2%
17 243GUILBERT
2%
11 670GUILLARD
2%
12 100GUILLEMIN
2%
14 619GUYON
2%
12 590HUGUET
2%
11 481HUSSON
2%
15 808JACQUOT
2%
11 882JAMET
2%
11 957JUNG
2%
11 811KELLER
2%
13 179LELEU
2%
17 333LOMBARD
2%
19 427MAHE
2%
12 224MARQUET
2%
19 547MAURY
2%
12 509MORAND
2%
18 925MORVAN
2%
12 588MOUNIER
2%
12 745NAVARRO
2%
17 133PAGES
2%
15 713PELTIER
2%
12 523PICOT
2%
13 411PONCET
2%
12 320PRAT
2%
13 879PRIGENT
2%
15 829PRUVOST
2%
12 034PUJOL
2%
12 977RAULT
2%
18 405REGNIER
2%
12 341RIGAUD
2%
12 668ROQUES
2%
16 294ROUSSET
2%
11 900SALAUN
2%
14 381SALMON
2%
13 659SAMSON
2%
17 871SEGUIN
2%
15 549VALETTE
2%
16 058WAGNER
2%
11 818WALTER
2%
13 841WEISS
2%
12 309BOCQUET
1%
14 343DIJOUX
1%
12 400HOFFMANN
1%
12 388TECHER
1%

Distribution des résultats

Percentile par nombre de réponses

% des personnes avec chaque résultat

Votre développement - résultats

Vous n’avez pas pris ce quiz